000 01190cam a22002535a 4500
001 E146707
008 090218s2008 xxk f 000 0 eng d
020 _a9781847981271
035 _a(Sirsi) u146707
041 0 _aeng
050 0 4 _a657.3 $2 18
110 2 _aAccounting Standards Board
_93454
245 0 0 _aImprovements to financial reporting standards
260 _aKingston
_bASB
_c2008
300 _a83p.
_c21cm.
490 0 _aASB Financial Reporting Standard
505 2 _aIntroduction -- Adoption of improvements to financial reporting standards by the Accounting Standards Board -- Section 1, improvements to financial reporting standards -- Section 2, amendments to financial reporting standards arising from new, revised or amended international financial reporting standards -- Section 3, editorial corrections to financial reporting standards
520 _aSets out amendments to Financial Reporting Standards, including amendments to basis for conclusions and application guidance.
521 _aExpert
590 _aKA
651 4 _aUnited Kingdom
_y
690 _aMANAGEMENT-BUSINESS MANAGEMENT-FINANCIAL MANAGEMENT-ACCOUNTING-FINANCIAL REPORTING
942 _n0
999 _c109260
_d109260